|
|
|
|
| LEADER |
01526nam a22003494a 4500 |
| 001 |
29689 |
| 003 |
BD-DhAAL |
| 005 |
20220105144117.0 |
| 008 |
150818s2014 enka b 001 0 eng |
| 999 |
|
|
|c 35279
|d 35279
|
| 010 |
|
|
|a 2006030510
|
| 020 |
|
|
|a 1292039221
|
| 020 |
|
|
|a 9781292039220
|
| 040 |
|
|
|a DLC
|c DLC
|d DLC
|d BD-DhAAL
|
| 050 |
0 |
0 |
|a QH430
|b .K576 2007
|
| 082 |
0 |
0 |
|a 576.5
|2 22
|
| 100 |
1 |
|
|a Klug, William S.
|9 13627
|
| 245 |
1 |
0 |
|a Essentials of genetics /
|c William S. Klug, Michael R. Cummings, Charlotte A. Spencer.
|
| 250 |
|
|
|a 8th ed.
|
| 260 |
|
|
|a Harlow, England :
|b Pearson,
|c c2014.
|
| 300 |
|
|
|a ii, 608 p. :
|b ill. ;
|c 28 cm.
|
| 504 |
|
|
|a Includes bibliographical references and index.
|
| 541 |
|
|
|e 29689
|
| 650 |
|
0 |
|a Genetics.
|9 6960
|
| 650 |
|
0 |
|a Pharmacy.
|9 44439
|
| 700 |
1 |
|
|a Cummings, Michael R.
|9 13628
|
| 700 |
1 |
|
|a Spencer, Charlotte.
|9 13930
|
| 852 |
|
|
|a Ayesha Abed Library
|c General Stacks
|
| 942 |
|
|
|2 ddc
|c BK
|0 1
|
| 952 |
|
|
|0 0
|1 0
|2 ddc
|4 0
|6 576_500000000000000_KLU
|7 0
|9 55365
|a BRACUL
|b BRACUL
|c GEN
|d 2015-08-18
|e Trim Education
|g 6325.00
|l 2
|m 15
|o 576.5 KLU
|p 3010029689
|r 2024-09-21
|s 2024-01-28
|t 1
|w 2015-08-18
|y BK
|
| 952 |
|
|
|0 0
|1 0
|2 ddc
|4 0
|6 576_500000000000000_KLU
|7 0
|9 55366
|a BRACUL
|b BRACUL
|c GEN
|d 2015-08-18
|e Trim Education
|g 6325.00
|l 6
|m 59
|o 576.5 KLU
|p 3010029690
|r 2024-02-07
|s 2023-12-04
|t 2
|w 2015-08-18
|y BK
|
| 952 |
|
|
|0 0
|1 0
|2 ddc
|4 0
|6 576_500000000000000_KLU
|7 0
|9 55367
|a BRACUL
|b BRACUL
|c GEN
|d 2015-08-18
|e Trim Education
|g 6325.00
|l 5
|m 40
|o 576.5 KLU
|p 3010029691
|r 2024-09-09
|s 2024-08-28
|t 3
|w 2015-08-18
|y BK
|